1889 1696 1548 1007 1268 1330 1432 1632 1796 1136 1504 1040 1329 1709 1665 1981 1003 1712 1367 1698 1131 1467 1726 1859 1379 1473 1079 1634 1352 1162 1510 1571 1819 1064 1002 1820 1792 1698 1385 1039 1552 1649 1025 1039 1626 1395 1344 1650 1249 1348 1477 1385 1455 1787 1640 1605 1337 1823 1536 1742 1064 1297 1103 1571 1662 1604 1086 1408 1071 1380 1019 1903 1238 1721 1587 1936 1599 1059 1180 1054 1548 1981 1647 1174 1583 1429 1540 1960 1056 1552 1141 1295 1720 1442 1985 1741 1155 1166 1110 BCNSPRNW ULIB Ver.6.0+V

เปลี่ยนเป็นภาษาไทย

Change to English
 แสดงรายละเอียดบรรณานุกรม
  กลับหน้าหลัก

Brief Record : Get Marc (ISO 2709) : E-mail record : QR code < ปิดหน้าต่าง
LEADER : 00000nam 2200000uu 4500
001    13399108245
003     ULIB
008    110223s2552||||th 000 0 tha d
020    9789746724081
060 04 WE725^bต237ร 2552
100 0  ต่อพงษ์ บุญมาประเสริฐ
245 10 โรคกระดูกคอเสื่อม =^bDegenerative diseases of the cervicalspine /^cต่อพงษ์ บุญมาประเสริฐ
246 31 Degenerative diseases of the cervical spine
250    พิมพ์ครั้งที่ 1
260    เชียงใหม่ :^bภาควิชาออร์โทปิดิกส์ คณะแพทยศาสตร์มหาวิทยาลัยเชียงใหม่,^c2552
300    xii, 320 หน้า :^bภาพประกอบ (สีบางภาพ) ;^c27 ซม.
500    หนังสือเล่มนี้ได้รับการสนับสนุนจากโครงการตำราคณะแพทยศาสตร์ มหาวิทยาลัยเชียงใหม่
650  7 กระดูกสันหลังส่วนคอ
650  7 กระดูกสันหลัง, โรค
650  7 คอ
710 2  มหาวิทยาลัยเชียงใหม่. ^bคณะแพทยศาสตร์.^bภาควิชาออร์โทปิดิกส์
945    ^p450^l0^i029767
945    ^p450^l0^i027291
945    ^p450^l0^i025804
945    ^p450^l0^i025802
945    ^p450^l0^i025801
945    ^p450^l0^i025799
945    ^p450^l0^i025803
945    ^p450^l0^i025800
995    เกษร
999 ^a ใช้งานได้ทุกระบบ
รายการนี้ยังไม่มีแท็ก
คุณยังไม่ได้ล็อกอิน คุณสามารถมีกิจกรรมร่วมกับเว็บไซต์ได้ แต่ต้องล็อกอินก่อน ::
  ล็อกอิน

รายการสื่อสารสนเทศ

ลำดับที่ ประเภท เลขเรียก/บาร์โค้ด สถานที่ สถานะ
- ไม่พบข้อมูล -

รายการใกล้เคียง
    ผู้แต่ง [ต่อพงษ์ บุญมาประเสริฐ]

    หัวเรื่อง [กระดูกสันหลังส่วนคอ]
    หัวเรื่อง [กระดูกสันหลัง, โรค]
    หัวเรื่อง [คอ]

BibComment


ยังไม่เคยถูกคอมเมนท์

คอมเมนท์ทรัพยากรรายการนี้
  คอมเมนท์: โรคกระดูกคอเสื่อม..


 Copyright 2026. Bcnsprnw @Library